<?xml version="1.0" encoding="UTF-8"?>
<record
    xmlns:xsi="http://www.w3.org/2001/XMLSchema-instance"
    xsi:schemaLocation="http://www.loc.gov/MARC21/slim http://www.loc.gov/standards/marcxml/schema/MARC21slim.xsd"
    xmlns="http://www.loc.gov/MARC21/slim">

  <leader>01635cam a22002895a 4500</leader>
  <controlfield tag="001">16924590</controlfield>
  <controlfield tag="005">20201128024010.0</controlfield>
  <controlfield tag="008">110817t2012    maua   fr     001 0 eng d</controlfield>
  <datafield tag="020" ind1=" " ind2=" ">
    <subfield code="a">9781597496476</subfield>
  </datafield>
  <datafield tag="040" ind1=" " ind2=" ">
    <subfield code="a">DLC</subfield>
    <subfield code="c">DLC</subfield>
    <subfield code="d">YDX</subfield>
    <subfield code="d">BTCTA</subfield>
    <subfield code="d">YDXCP</subfield>
    <subfield code="d">BWX</subfield>
    <subfield code="d">CDX</subfield>
    <subfield code="d">DLC</subfield>
    <subfield code="d">EG-ScBUE</subfield>
    <subfield code="b">eng</subfield>
  </datafield>
  <datafield tag="082" ind1="0" ind2="4">
    <subfield code="a">004.6782</subfield>
    <subfield code="2">22</subfield>
    <subfield code="b">LAS</subfield>
  </datafield>
  <datafield tag="100" ind1="1" ind2=" ">
    <subfield code="a">Laszewski, Tom.</subfield>
  </datafield>
  <datafield tag="245" ind1="1" ind2="0">
    <subfield code="a">Migrating to the cloud :</subfield>
    <subfield code="b">Oracle client/server modernization /</subfield>
    <subfield code="c">Tom Laszewski, Prakash Nauduri ; editor Ward Spangenberg.</subfield>
  </datafield>
  <datafield tag="260" ind1=" " ind2=" ">
    <subfield code="a">Waltham :</subfield>
    <subfield code="b">Syngress / Elsevier,</subfield>
    <subfield code="c">c.2012.</subfield>
  </datafield>
  <datafield tag="300" ind1=" " ind2=" ">
    <subfield code="a">xxiv, 369 p. :</subfield>
    <subfield code="b">ill. ;</subfield>
    <subfield code="c">24 cm.</subfield>
  </datafield>
  <datafield tag="500" ind1=" " ind2=" ">
    <subfield code="a">Index : p. 341-369.</subfield>
  </datafield>
  <datafield tag="505" ind1="0" ind2=" ">
    <subfield code="a">Migrating to the cloud : client/server migrations to the Oracle cloud -- Identifying the level of effort and cost -- Methodology and design -- Relational migration tools -- Database schema and data migration -- Database stored object migration -- Application migration/porting due to database migration -- Migrating applications to the cloud -- Service enablement of client/server applications -- Oracle database cloud infrastructure planning and implementation -- Sybase migrations from a systems integrator perspective, and case study -- Application migration : Oracle forms to Oracle application development -- Application migration : Powerbuilder to Oracle Apex.</subfield>
  </datafield>
  <datafield tag="630" ind1=" " ind2="7">
    <subfield code="a">Oracle (Computer file)</subfield>
    <subfield code="9">3065</subfield>
  </datafield>
  <datafield tag="650" ind1=" " ind2="7">
    <subfield code="a">Cloud computing.</subfield>
    <subfield code="2">BUEsh</subfield>
    <subfield code="9">37309</subfield>
  </datafield>
  <datafield tag="650" ind1=" " ind2="7">
    <subfield code="a">Systems migration.</subfield>
    <subfield code="2">BUEsh</subfield>
  </datafield>
  <datafield tag="650" ind1=" " ind2="7">
    <subfield code="a">Client/server computing.</subfield>
    <subfield code="2">BUEsh</subfield>
    <subfield code="9">33834</subfield>
  </datafield>
  <datafield tag="651" ind1=" " ind2=" ">
    <subfield code="2">BUEsh</subfield>
  </datafield>
  <datafield tag="653" ind1=" " ind2=" ">
    <subfield code="b">COMSCI</subfield>
    <subfield code="c">November2016</subfield>
  </datafield>
  <datafield tag="700" ind1="1" ind2=" ">
    <subfield code="a">Nauduri, Prakash.</subfield>
  </datafield>
  <datafield tag="700" ind1="1" ind2=" ">
    <subfield code="a">Spangenberg, Ward,</subfield>
    <subfield code="e">editor.</subfield>
  </datafield>
  <datafield tag="942" ind1=" " ind2=" ">
    <subfield code="2">ddc</subfield>
  </datafield>
  <datafield tag="999" ind1=" " ind2=" ">
    <subfield code="c">23198</subfield>
    <subfield code="d">23170</subfield>
  </datafield>
  <datafield tag="952" ind1=" " ind2=" ">
    <subfield code="0">0</subfield>
    <subfield code="1">0</subfield>
    <subfield code="2">ddc</subfield>
    <subfield code="4">0</subfield>
    <subfield code="7">0</subfield>
    <subfield code="8">Baccah</subfield>
    <subfield code="a">MAIN</subfield>
    <subfield code="b">MAIN</subfield>
    <subfield code="c">LOW</subfield>
    <subfield code="d">2016-11-20</subfield>
    <subfield code="e">Purchase</subfield>
    <subfield code="g">319.50</subfield>
    <subfield code="h">2000088</subfield>
    <subfield code="l">0</subfield>
    <subfield code="o">004.6782 LAS</subfield>
    <subfield code="p">000034935</subfield>
    <subfield code="r">2025-07-15 00:00:00</subfield>
    <subfield code="v">399.38</subfield>
    <subfield code="y">BB</subfield>
  </datafield>
</record>
